000 00925cam a2200205 4500
001 L129529
008 110922n2005 000 0 eng u
020 _a0110725387
035 _a(Sirsi) u129529
041 _aeng
245 4 _aThe Health and Safety (Fees) Regulations 2005
260 _aLondon
_bHMSO
_c2005
490 _aSI
_v2005: 676
520 _aCame into force 6 April 2005. Update and replace the Health and Safety (Fees) Regulations 2004. Fix or determine the fees payable by an applicant to the HSE (in most cases) in respect of an application made for various approvals and licences. See explanatory note for full details.
590 _aIKA290405
650 _aHEALTH AND SAFETY (FEES) REGULATIONS 2005
690 _aMANAGEMENT-HEALTH AND SAFETY
856 _uhttps://www.legislation.gov.uk/uksi/2005/676/pdfs/uksi_20050676_en.pdf
_zView this item free of charge at www.legislation.gov.uk
942 _n0
999 _c104223
_d104223